| 000 | 00679nam a2200193Ia 4500 | ||
|---|---|---|---|
| 005 | 20250507130218.0 | ||
| 008 | 008 250505s9999 xx 000 0 eng d | ||
| 037 | _aSeries Article | ||
| 040 |
_aEASL _beng _cEASL |
||
| 041 |
_aeng _2eng |
||
| 084 | _qEASL | ||
| 100 |
_aWang Qinghua _9668888 |
||
| 245 | 0 | _aCrisis management, regime survival and "Guerrilla-Style" policy-making: The June 1999 decision to radically expand higher education in China | |
| 260 |
_aAustralia _bCanberra Australian National University Australia _c2014 |
||
| 300 | _a132-152 Pp. | ||
| 650 |
_aChina; China - Higher Education _9755042 |
||
| 942 | _cSRA | ||
| 999 |
_c1318353 _d1318353 |
||